000
00306nam a2200109Ia 4500
005
20251222114349.0
008
251222s1900||||xx |||||||||||||| ||spa||
082
_a
DVD0092/S25J/2006
245
0
_a
El mejor regalo de Dios: el sacramento de la reconciliación.
264
_b
Castillejo, Christian
942
_c
DVD
999
_c
1174
_d
1174